000 00357nam a2200157Ia 4500
003 OSt
005 20240306112223.0
008 170523s9999 xx 000 0 und d
020 _a9789389174366
040 _ciimtu meerut
100 _aKAPOOR- ND
245 0 _aELEMENTS MERCANTILE LAW
260 _bSULTAN CHAND SONS
260 _c2004
942 _2ddc
_c02
999 _c1014
_d1014